[Event "BEL-chT 1415"]
[Site "Belgium"]
[Date "2014.11.16"]
[Round "4.4"]
[White "Bolzoni, Victor Angel"]
[Black "Tan, Matthew"]
[Result "0-1"]
[WhiteElo "2189"]
[BlackElo "2435"]
[PlyCount "80"]
[EventDate "2014.09.28"]
[EventType "team-swiss"]
[EventRounds "11"]
[EventCountry "BEL"]
[SourceTitle "EXT 2015"]
[Source "ChessBase"]
[SourceDate "2014.11.20"]
[SourceVersion "1"]
[SourceVersionDate "2014.11.20"]
[SourceQuality "1"]
[WhiteTeam "Namur"]
[BlackTeam "Amay"]
[WhiteTeamCountry "BEL"]
[BlackTeamCountry "BEL"]

1. e4 e6 2. d4 d5 3. Nc3 Nf6 4. Bg5 dxe4 5. Nxe4 Be7 6. Bxf6 gxf6 7. Nf3 f5 8. Ng3 a6 9. Qe2 b5 10. 0-0-0 Bb7 11. d5 Bxd5 12. Nxf5 Nc6 13. Nxe7 Qxe7 14. Qe3 0-0-0 15. a3 Rhg8 16. g3 Rg4 17. Bg2 Re4 18. Qc3 Rc4 19. Qe3 Be4 20. c3 Na5 21. b4 Nc6 22. Rxd8+ Qxd8 23. Rd1 Qf6 24. Kb2 Nxb4 25. axb4 Rxb4+ 26. Kc1 Rb1+ 27. Kd2 Rb2+ 28. Ke1 Bd5 29. Kf1 Qg6 30. Ne5 Qh5 31. g4 Qxh2 32. Bxd5 exd5 33. Qg3 Qh1+ 34. Qg1 Qe4 35. Re1 Rb1 36. Nf3 Qc4+ 37. Kg2 Qxg4+ 38. Kh2 Qxg1+ 39. Kxg1 Rxe1+ 40. Nxe1 a5 0-1

[Event "Mittelrhein-chT 1112"]
[Site "Germany"]
[Date "2012.02.26"]
[Round "9.3"]
[White "Florstedt, Johannes"]
[Black "Bolzoni, Victor Angel"]
[Result "1-0"]
[WhiteElo "2006"]
[BlackElo "2138"]
[PlyCount "81"]
[EventDate "2011.09.11"]
[EventType "team-tourn"]
[EventRounds "13"]
[EventCountry "GER"]
[SourceTitle "EXT 2013"]
[Source "ChessBase"]
[SourceDate "2012.11.22"]
[SourceVersion "1"]
[SourceVersionDate "2012.11.22"]
[SourceQuality "1"]
[WhiteTeam "Godesberg III"]
[BlackTeam "Wuerselen"]
[WhiteTeamCountry "GER"]
[BlackTeamCountry "GER"]

1. e4 c5 2. c3 Nf6 3. e5 Nd5 4. d4 cxd4 5. Nf3 d6 6. Qxd4 e6 7. Nbd2 Nc6 8. Bb5 Qb6 9. Qxb6 Nxb6 10. exd6 Bxd6 11. Ne4 Bc7 12. Nc5 Nd7 13. Be3 Bb6 14. Nxd7 Bxd7 15. Bxb6 axb6 16. a3 0-0-0 17. 0-0-0 f6 18. Rd6 Kc7 19. Rhd1 Bc8 20. Rxd8 Rxd8 21. Rxd8 Nxd8 22. Bd3 h6 23. Nd4 Bd7 24. Kd2 Kd6 25. Nb5+ Bxb5 26. Bxb5 g5 27. Be8 Nc6 28. Bxc6 Kxc6 29. c4 Kd6 30. b4 Ke5 31. Kd3 f5 32. Ke3 f4+ 33. Kd3 g4 34. f3 h5 35. a4 Kf5 36. c5 bxc5 37. bxc5 g3 38. h3 e5 39. a5 e4+ 40. Ke2 Ke5 41. fxe4 1-0

[Event "Charleroi op"]
[Site "Charleroi"]
[Date "2010.08.07"]
[Round "9"]
[White "Bolzoni, Victor Angel"]
[Black "Maes, Wim"]
[Result "1/2-1/2"]
[WhiteElo "2240"]
[BlackElo "2232"]
[PlyCount "120"]
[EventDate "2010.07.31"]
[EventType "swiss"]
[EventRounds "9"]
[EventCountry "BEL"]
[SourceTitle "CBM 137 Extra"]
[Source "ChessBase"]
[SourceDate "2010.09.01"]
[SourceVersion "1"]
[SourceVersionDate "2010.09.01"]
[SourceQuality "1"]

1. e4 c5 2. Nf3 e6 3. c3 d5 4. e5 d4 5. Bd3 Bd7 6. 0-0 Bc6 7. Re1 Ne7 8. b3 Ng6 9. cxd4 cxd4 10. Bb2 Bc5 11. Na3 0-0 12. Rc1 Nd7 13. Be4 Rc8 14. Bxc6 Rxc6 15. Nxd4 Ra6 16. Ndb5 Qe7 17. d4 Bxa3 18. Bxa3 Rxa3 19. Nxa3 Qxa3 20. Rc7 Nb6 21. Qd2 h6 22. g3 Nd5 23. Rxb7 Rc8 24. Qe2 Nge7 25. h4 Nf5 26. Qd3 Qxa2 27. h5 Qa5 28. Rb1 Qa2 29. Rd1 Qa5 30. Kh2 Qa2 31. Rd2 Qa1 32. g4 Rc1 33. Qe4 Nfe7 34. Rd1 g6 35. Rb8+ Kg7 36. Rxc1 Qxc1 37. hxg6 Nxg6 38. Rb7 Qg5 39. Rxa7 Ndf4 40. Qf3 Nh4 41. Qb7 Qg6 42. Kg3 Nhg2 43. Qe7 Nd5 44. Qe8 h5 45. Kh2 Ne1 46. Ra8 Nf3+ 47. Kg2 Qxg4+ 48. Kf1 Qh3+ 49. Ke2 Nxd4+ 50. Ke1 Qc3+ 51. Kf1 Qc1+ 52. Kg2 Ne3+ 53. fxe3 Qd2+ 54. Kh1 Qe1+ 55. Kg2 Qe2+ 56. Kh1 Qf1+ 57. Kh2 Qf2+ 58. Kh1 Qf3+ 59. Kh2 Qf2+ 60. Kh1 Qf3+ 1/2-1/2

[Event "Charleroi op"]
[Site "Charleroi"]
[Date "2010.08.01"]
[Round "2"]
[White "Bruno, Ricardo"]
[Black "Bolzoni, Victor Angel"]
[Result "0-1"]
[WhiteElo "1921"]
[BlackElo "2240"]
[PlyCount "54"]
[EventDate "2010.07.31"]
[EventType "swiss"]
[EventRounds "9"]
[EventCountry "BEL"]
[SourceTitle "CBM 137 Extra"]
[Source "ChessBase"]
[SourceDate "2010.09.01"]
[SourceVersion "1"]
[SourceVersionDate "2010.09.01"]
[SourceQuality "1"]

1. e4 c5 2. Nf3 Nc6 3. d4 cxd4 4. Nxd4 e5 5. Nb5 d6 6. N1c3 a6 7. Na3 b5 8. Nd5 Nf6 9. Bg5 Be7 10. Bxf6 Bxf6 11. c3 Ne7 12. c4 Nxd5 13. cxd5 Bg5 14. Bd3 Qa5+ 15. Kf1 0-0 16. h4 Bh6 17. g4 Bf4 18. Nc2 Bd7 19. Ne3 Bxe3 20. fxe3 h5 21. gxh5 f5 22. Kg1 f4 23. h6 Qb6 24. Qe2 fxe3 25. hxg7 Rf2 26. Qh5 e2 27. Qh8+ Kf7 0-1

[Event "BEL FEFB-ch"]
[Site "Fontaine l'Eveque"]
[Date "2010.05.16"]
[Round "7"]
[White "Bolzoni, Victor Angel"]
[Black "Duhayon, Yves"]
[Result "0-1"]
[WhiteElo "2255"]
[BlackElo "2232"]
[PlyCount "53"]
[EventDate "2010.05.12"]
[EventType "tourn"]
[EventRounds "7"]
[EventCountry "BEL"]
[SourceTitle "CBM 136 Extra"]
[Source "ChessBase"]
[SourceDate "2010.07.02"]
[SourceVersion "2"]
[SourceVersionDate "2010.07.15"]
[SourceQuality "1"]

1. e4 e5 2. Nf3 Nc6 3. Bc4 Nf6 4. Ng5 d5 5. exd5 b5 6. Bf1 Nd4 7. c3 Nxd5 8. Ne4 Ne6 9. Bxb5+ Bd7 10. Bc4 Bc6 11. Qh5 Ndf4 12. Qxe5 Qd3 13. b3 Nxg2+ 14. Kd1 Qxe4 15. Qxe4 Bxe4 16. Rg1 Bd6 17. d3 Bxh2 18. Bb5+ c6 19. dxe4 0-0-0+ 20. Ke2 Bxg1 21. Ba6+ Kc7 22. Nd2 Bh2 23. Nf3 Bf4 24. Bb2 Nh4 25. Nxh4 Rhe8 26. f3 c5 27. Rh1 0-1

[Event "BEL FEFB-ch"]
[Site "Fontaine l'Eveque"]
[Date "2010.05.15"]
[Round "6"]
[White "Le Quang, Kim"]
[Black "Bolzoni, Victor Angel"]
[Result "0-1"]
[WhiteElo "2285"]
[BlackElo "2255"]
[PlyCount "50"]
[EventDate "2010.05.12"]
[EventType "tourn"]
[EventRounds "7"]
[EventCountry "BEL"]
[SourceTitle "CBM 136 Extra"]
[Source "ChessBase"]
[SourceDate "2010.07.02"]
[SourceVersion "2"]
[SourceVersionDate "2010.07.15"]
[SourceQuality "1"]

1. c4 e5 2. g3 Nf6 3. Bg2 Nc6 4. Nc3 Bb4 5. Nd5 0-0 6. a3 Bc5 7. b4 Bd4 8. Rb1 Nxd5 9. cxd5 Ne7 10. Nf3 c6 11. Nxd4 exd4 12. Qb3 d6 13. 0-0 Re8 14. Bb2 Nxd5 15. Bxd5 cxd5 16. Qxd5 Rxe2 17. Qxd4 Qg5 18. Rbe1 Rxe1 19. Rxe1 Be6 20. h4 Qg6 21. Qxd6 h6 22. Rc1 Kh7 23. Qd4 Rc8 24. Re1 Rc4 25. Rxe6 Qb1+ 0-1

[Event "BEL FEFB-ch"]
[Site "Fontaine l'Eveque"]
[Date "2010.05.14"]
[Round "4"]
[White "Bolzoni, Victor Angel"]
[Black "Gulbas, Cemil"]
[Result "0-1"]
[WhiteElo "2255"]
[BlackElo "2364"]
[PlyCount "108"]
[EventDate "2010.05.12"]
[EventType "tourn"]
[EventRounds "7"]
[EventCountry "BEL"]
[SourceTitle "CBM 136 Extra"]
[Source "ChessBase"]
[SourceDate "2010.07.02"]
[SourceVersion "2"]
[SourceVersionDate "2010.07.15"]
[SourceQuality "1"]

1. e4 d6 2. d4 Nf6 3. Nc3 g6 4. Nf3 Bg7 5. Be2 c6 6. 0-0 Qc7 7. h3 Nbd7 8. a4 b6 9. a5 bxa5 10. e5 dxe5 11. dxe5 Nxe5 12. Nxe5 Qxe5 13. Bf3 Bb7 14. Re1 Qc7 15. Qe2 e6 16. Qc4 0-0 17. Bf4 Qd8 18. Qb3 Qb6 19. Qa3 Nd5 20. Be5 Nb4 21. Na4 Qd8 22. Bxg7 Kxg7 23. Nc5 Bc8 24. Rad1 Qf6 25. Ne4 Qe5 26. Nd6 Qc5 27. Ne4 Qxc2 28. Rd2 Qc4 29. b3 Qb5 30. Qa1+ f6 31. Rd8 Qe5 32. Rxf8 Qxa1 33. Rxa1 Kxf8 34. Nxf6 Kg7 35. Ne4 Rb8 36. Rxa5 a6 37. Be2 Kf8 38. Bc4 Ke7 39. h4 h6 40. f4 Nd5 41. g3 Rb4 42. Rc5 Bb7 43. Kf2 Nb6 44. Ke3 a5 45. Rxa5 Rxc4 46. Ra7 Nd5+ 47. Kd3 Rb4 48. Nc5 Kd6 49. Nxb7+ Kc7 50. Na5+ Kb6 51. Ra8 Nc7 52. Nc4+ Rxc4 53. bxc4 Nxa8 54. Kd4 Nc7 0-1

[Event "BEL FEFB-ch"]
[Site "Fontaine l'Eveque"]
[Date "2010.05.13"]
[Round "2"]
[White "Bolzoni, Victor Angel"]
[Black "Claesen, Pieter"]
[Result "1-0"]
[WhiteElo "2255"]
[BlackElo "2338"]
[PlyCount "115"]
[EventDate "2010.05.12"]
[EventType "tourn"]
[EventRounds "7"]
[EventCountry "BEL"]
[SourceTitle "CBM 136 Extra"]
[Source "ChessBase"]
[SourceDate "2010.07.02"]
[SourceVersion "2"]
[SourceVersionDate "2010.07.15"]
[SourceQuality "1"]

1. e4 e6 2. d4 d5 3. Nc3 Bb4 4. e5 c5 5. a3 Bxc3+ 6. bxc3 Qc7 7. Qg4 f6 8. Nf3 c4 9. Be2 Nc6 10. Qg3 Qf7 11. 0-0 Nge7 12. exf6 gxf6 13. Qf4 Bd7 14. a4 Rg8 15. g3 0-0-0 16. a5 Nf5 17. Ba3 Be8 18. a6 b6 19. Nh4 Nxh4 20. Qxh4 Ne7 21. Bxe7 Qxe7 22. Rfe1 Qg7 23. Bf1 Bf7 24. Bh3 Rge8 25. Re3 Qg6 26. Rae1 Kd7 27. Qf4 Qg5 28. Qxg5 fxg5 29. Re5 Kc6 30. Rxg5 Bg6 31. Ree5 Kb5 32. Bxe6 Kxa6 33. Bxd5 Rxe5 34. Rxe5 b5 35. Bc6 b4 36. cxb4 Bxc2 37. Bb5+ Kb6 38. Bxc4 Rxd4 39. Rb5+ Kc6 40. Be2 Bb3 41. Ra5 Kb7 42. b5 Rd2 43. Bf3+ Bd5 44. Ra3 h6 45. Kg2 Bxf3+ 46. Rxf3 Rd5 47. Rb3 Kb6 48. g4 Kc5 49. Rb2 Rd7 50. h4 Rb7 51. Kg3 a5 52. g5 hxg5 53. hxg5 a4 54. f4 Rxb5 55. Ra2 Kd4 56. Rxa4+ Ke3 57. Ra8 Ke4 58. Kg4 1-0

[Event "BEL FEFB-ch"]
[Site "Fontaine l'Eveque"]
[Date "2010.05.13"]
[Round "3"]
[White "Real, Thibault"]
[Black "Bolzoni, Victor Angel"]
[Result "0-1"]
[WhiteElo "1989"]
[BlackElo "2255"]
[PlyCount "80"]
[EventDate "2010.05.12"]
[EventType "tourn"]
[EventRounds "7"]
[EventCountry "BEL"]
[SourceTitle "CBM 136 Extra"]
[Source "ChessBase"]
[SourceDate "2010.07.02"]
[SourceVersion "2"]
[SourceVersionDate "2010.07.15"]
[SourceQuality "1"]

1. e4 c5 2. c3 Nf6 3. e5 Nd5 4. d4 cxd4 5. cxd4 e6 6. Nc3 Nxc3 7. bxc3 Qc7 8. Bd2 d6 9. f4 Nd7 10. Nf3 Be7 11. Bd3 b6 12. 0-0 Bb7 13. Qe2 0-0 14. Qf2 g6 15. Rae1 Bd5 16. Re3 Bxa2 17. Rc1 Bc4 18. Bxc4 Qxc4 19. exd6 Bxd6 20. Ng5 Nf6 21. Qh4 Qd5 22. Nxh7 Nxh7 23. Rh3 Qh5 24. Qg3 Qf5 25. Qh4 g5 26. fxg5 Qg6 27. Rf1 Be7 28. Rff3 a5 29. Rfg3 a4 30. Qg4 a3 31. Rh6 a2 32. Rxg6+ fxg6 33. Qxe6+ Rf7 34. Qxg6+ Rg7 35. Qe6+ Kh8 36. h4 a1Q+ 37. Kh2 Qa2 38. Qe4 Rf8 39. Bf4 Qa8 40. Qe3 Qd8 0-1

[Event "Metz op 28th"]
[Site "Metz"]
[Date "2010.04.13"]
[Round "5"]
[White "Bolzoni, Victor Angel"]
[Black "Shirazi, Kamran"]
[Result "0-1"]
[WhiteElo "2255"]
[BlackElo "2457"]
[PlyCount "68"]
[EventDate "2010.04.10"]
[EventType "swiss"]
[EventRounds "9"]
[EventCountry "FRA"]
[SourceTitle "CBM 136 Extra"]
[Source "ChessBase"]
[SourceDate "2010.07.02"]
[SourceVersion "2"]
[SourceVersionDate "2010.07.15"]
[SourceQuality "1"]

1. e4 c5 2. Nf3 Nf6 3. Nc3 d5 4. exd5 Nxd5 5. Bb5+ Bd7 6. Bxd7+ Qxd7 7. 0-0 Nc6 8. Ne4 e5 9. d3 f5 10. Ned2 Bd6 11. Nc4 0-0 12. Re1 Rae8 13. c3 Bc7 14. Be3 b6 15. Qb3 Kh8 16. Rad1 Re6 17. Bc1 h6 18. Re2 Rfe8 19. Rde1 g5 20. h3 Nf6 21. Qc2 Qf7 22. Bxg5 hxg5 23. Nxg5 Qg6 24. Nxe6 Rxe6 25. Re3 f4 26. Rf3 e4 27. dxe4 Nxe4 28. Rd3 Ng5 29. Rxe6 Qxe6 30. Qd1 f3 31. Rd5 Bf4 32. h4 Qg4 33. g3 Bxg3 34. Rxg5 Bh2+ 0-1

[Event "Metz op 28th"]
[Site "Metz"]
[Date "2010.04.13"]
[Round "9"]
[White "Bolzoni, Victor Angel"]
[Black "Vaillant, Stephane"]
[Result "1-0"]
[WhiteElo "2255"]
[BlackElo "1996"]
[PlyCount "39"]
[EventDate "2010.04.10"]
[EventType "swiss"]
[EventRounds "9"]
[EventCountry "FRA"]
[SourceTitle "CBM 136 Extra"]
[Source "ChessBase"]
[SourceDate "2010.07.02"]
[SourceVersion "2"]
[SourceVersionDate "2010.07.15"]
[SourceQuality "1"]

1. e4 e6 2. d4 d5 3. Nc3 Nf6 4. Bg5 dxe4 5. Nxe4 Be7 6. Bxf6 gxf6 7. Bc4 c6 8. c3 b6 9. Qh5 f5 10. Ng3 Qd6 11. Nf3 Nd7 12. Ng5 Bxg5 13. Qxg5 Bb7 14. 0-0-0 Qe7 15. Qf4 0-0-0 16. Rhe1 Qf6 17. f3 Qg6 18. Bd3 Rhg8 19. Bxf5 Qf6 20. Ne4 1-0

[Event "Roux CREC op"]
[Site "Roux"]
[Date "2009.08.01"]
[Round "9"]
[White "Hautot, Stephane"]
[Black "Bolzoni, Victor Angel"]
[Result "1-0"]
[WhiteElo "2421"]
[BlackElo "2170"]
[PlyCount "123"]
[EventDate "2009.07.25"]
[EventType "swiss"]
[EventRounds "9"]
[EventCountry "BEL"]
[SourceTitle "EXT 2010"]
[Source "ChessBase"]
[SourceDate "2010.11.25"]
[SourceVersion "1"]
[SourceVersionDate "2010.11.25"]
[SourceQuality "1"]

1. e4 c5 2. Nf3 e6 3. d4 cxd4 4. Nxd4 a6 5. Nc3 Qc7 6. Be3 Nf6 7. Qd2 Bb4 8. f3 d5 9. a3 Bxc3 10. bxc3 dxe4 11. c4 e5 12. Nb3 0-0 13. 0-0-0 exf3 14. gxf3 Bf5 15. Bc5 Re8 16. Bd6 Qc6 17. Be2 b6 18. Qg5 Bg6 19. h4 h6 20. Qe3 Nbd7 21. Rhg1 Re6 22. Bb4 a5 23. Bc3 a4 24. Nd2 Qc5 25. Qxc5 Nxc5 26. Nf1 Rc8 27. Ne3 Bh5 28. Nf5 Bg6 29. Ne3 Kh7 30. Bf1 Rb8 31. Nd5 Ncd7 32. Bh3 Rc6 33. Ne3 Rb7 34. Bb2 Rc5 35. Bc3 Rc6 36. Bb2 Rcc7 37. Bf1 Rb8 38. Rd6 Ne8 39. Rd2 Nef6 40. Rdg2 Rg8 41. Rd2 Re8 42. Rd6 Bh5 43. Rg3 Re6 44. Rxe6 fxe6 45. Ng4 Rc5 46. Bd3+ Kh8 47. Nf2 Kg8 48. Kd2 Kf7 49. Ke3 Rc6 50. Rg1 Ne8 51. Ne4 Nd6 52. Nxd6+ Rxd6 53. Be4 b5 54. cxb5 Nb6 55. Bxe5 Nc4+ 56. Kf4 Nxe5 57. Kxe5 Rb6 58. c4 Rb8 59. Kd6 Kf6 60. Kc7 Rf8 61. b6 Rf7+ 62. Kd6 1-0

[Event "Roux CREC op"]
[Site "Roux"]
[Date "2009.07.26"]
[Round "1"]
[White "Toth, Charles"]
[Black "Bolzoni, Victor Angel"]
[Result "0-1"]
[WhiteElo "1777"]
[BlackElo "2170"]
[PlyCount "50"]
[EventDate "2009.07.25"]
[EventType "swiss"]
[EventRounds "9"]
[EventCountry "BEL"]
[SourceTitle "EXT 2010"]
[Source "ChessBase"]
[SourceDate "2010.11.25"]
[SourceVersion "1"]
[SourceVersionDate "2010.11.25"]
[SourceQuality "1"]

1. Nc3 Nf6 2. e3 e5 3. Nf3 e4 4. Nd4 c5 5. Nb3 d5 6. Bb5+ Nc6 7. Bxc6+ bxc6 8. f3 Bd6 9. Qe2 a5 10. a4 Ba6 11. d3 exd3 12. cxd3 Qb8 13. Nd2 0-0 14. Nd1 Re8 15. g3 c4 16. dxc4 Bc5 17. 0-0 dxc4 18. Nxc4 Qb3 19. Nd2 Qc2 20. Qe1 Bxf1 21. Kxf1 Rad8 22. e4 Bb4 23. Nc3 Rd3 24. Ke2 Bxc3 25. bxc3 Nxe4 0-1

[Event "BEL-ch op"]
[Site "Namur"]
[Date "2009.07.12"]
[Round "9"]
[White "Henris, Luc"]
[Black "Bolzoni, Victor Angel"]
[Result "1-0"]
[WhiteElo "2265"]
[BlackElo "2181"]
[PlyCount "76"]
[EventDate "2009.07.04"]
[EventType "swiss"]
[EventRounds "9"]
[EventCountry "BEL"]
[SourceTitle "EXT 2010"]
[Source "ChessBase"]
[SourceDate "2010.11.25"]
[SourceVersion "1"]
[SourceVersionDate "2010.11.25"]
[SourceQuality "1"]

1. e4 e5 2. d4 exd4 3. Qxd4 Nc6 4. Qe3 Bb4+ 5. Nc3 Qf6 6. Bd2 d6 7. 0-0-0 Bc5 8. Qd3 Ne5 9. Qb5+ c6 10. Qa4 b5 11. Bxb5 cxb5 12. Nxb5 Bd7 13. f4 Rb8 14. fxe5 Qxe5 15. c4 Bxb5 16. cxb5 Bd4 17. b6+ Kf8 18. bxa7 Rc8+ 19. Bc3 Qf4+ 20. Kb1 Bxa7 21. Qxa7 Qxe4+ 22. Ka1 Qxg2 23. Qd4 Ne7 24. Qxd6 f6 25. Ne2 Kf7 26. Qe6+ Kxe6 27. Nf4+ Kf5 28. Nxg2 Rhd8 29. Ne3+ Ke4 30. Rhe1 Kf3 31. Rf1+ Ke4 32. Rde1 Kd3 33. Kb1 Re8 34. Rf4 Nc6 35. Rf3 Ke4 36. Rh3 Rh8 37. Nc4+ Kf4 38. Nd6 Rb8 1-0

[Event "BEL-ch op"]
[Site "Namur"]
[Date "2009.07.10"]
[Round "7"]
[White "De Schampheleire, Glen"]
[Black "Bolzoni, Victor Angel"]
[Result "1-0"]
[WhiteElo "2110"]
[BlackElo "2181"]
[PlyCount "81"]
[EventDate "2009.07.04"]
[EventType "swiss"]
[EventRounds "9"]
[EventCountry "BEL"]
[SourceTitle "EXT 2010"]
[Source "ChessBase"]
[SourceDate "2010.11.25"]
[SourceVersion "1"]
[SourceVersionDate "2010.11.25"]
[SourceQuality "1"]

1. Nf3 Nf6 2. c4 g6 3. Nc3 Bg7 4. e4 c5 5. d4 cxd4 6. Nxd4 Nc6 7. Be3 d6 8. Be2 Bd7 9. 0-0 0-0 10. f3 a6 11. Qd2 Rb8 12. Nc2 Ne5 13. a4 Rc8 14. b3 Nc6 15. Rab1 Na5 16. Rfc1 Be6 17. Na3 Nd7 18. Rc2 f5 19. Nd5 fxe4 20. fxe4 Nc6 21. Nf4 Bf7 22. Bg4 Nce5 23. Ne6 Bxe6 24. Bxe6+ Kh8 25. Bd4 Qc7 26. b4 Rcd8 27. a5 Qc6 28. Bd5 Qc8 29. c5 dxc5 30. bxc5 Nb8 31. Nc4 Nbc6 32. Nxe5 Nxe5 33. Qc3 Rxd5 34. exd5 Qf5 35. Re1 Kg8 36. Rf2 Qd7 37. Bxe5 Rxf2 38. Kxf2 Bh6 39. c6 bxc6 40. dxc6 Qf5+ 41. Kg1 1-0

[Event "BEL-ch op"]
[Site "Namur"]
[Date "2009.07.09"]
[Round "6"]
[White "Bolzoni, Victor Angel"]
[Black "Barbier, Wim"]
[Result "1-0"]
[WhiteElo "2181"]
[BlackElo "2155"]
[PlyCount "35"]
[EventDate "2009.07.04"]
[EventType "swiss"]
[EventRounds "9"]
[EventCountry "BEL"]
[SourceTitle "EXT 2010"]
[Source "ChessBase"]
[SourceDate "2010.11.25"]
[SourceVersion "1"]
[SourceVersionDate "2010.11.25"]
[SourceQuality "1"]

1. e4 c5 2. Nf3 d6 3. d4 cxd4 4. Nxd4 Nf6 5. Nc3 a6 6. Be2 e5 7. Nf3 h6 8. Be3 Be6 9. 0-0 Be7 10. a4 Nc6 11. Nd5 Bxd5 12. exd5 Nb4 13. Bc4 Qc7 14. b3 0-0 15. a5 b5 16. axb6 Qb7 17. Ra5 Ne4 18. c3 1-0

[Event "BEL-ch op"]
[Site "Namur"]
[Date "2009.07.04"]
[Round "1"]
[White "Bolzoni, Victor Angel"]
[Black "De Groof, Maurice"]
[Result "1-0"]
[WhiteElo "2181"]
[BlackElo "1809"]
[PlyCount "65"]
[EventDate "2009.07.04"]
[EventType "swiss"]
[EventRounds "9"]
[EventCountry "BEL"]
[SourceTitle "EXT 2010"]
[Source "ChessBase"]
[SourceDate "2010.11.25"]
[SourceVersion "1"]
[SourceVersionDate "2010.11.25"]
[SourceQuality "1"]

1. e4 c5 2. Nf3 a6 3. c3 d5 4. exd5 Qxd5 5. d4 Nf6 6. Be2 e6 7. 0-0 cxd4 8. cxd4 Be7 9. Nc3 Qd6 10. Ne5 0-0 11. Bf4 Nd5 12. Bg3 Qb6 13. Bc4 Nxc3 14. bxc3 Nd7 15. Rb1 Qa7 16. Bd3 Nf6 17. Qf3 g6 18. Bh4 Nd5 19. Bxe7 Nxe7 20. Nd7 Rd8 21. Nf6+ Kg7 22. Nxh7 f5 23. Ng5 Rb8 24. Rfe1 b5 25. Nxe6+ Bxe6 26. Rxe6 Rb6 27. Rbe1 Rxe6 28. Rxe6 Rd7 29. Qe3 Qc7 30. Qg5 Qd8 31. Bxf5 Nxf5 32. Rxg6+ Kf7 33. Qxf5+ 1-0

[Event "BEL-chT 0809"]
[Site "Belgium"]
[Date "2009.03.22"]
[Round "11"]
[White "Lacrosse, Marc"]
[Black "Bolzoni, Victor Angel"]
[Result "1-0"]
[WhiteElo "2181"]
[BlackElo "2190"]
[PlyCount "109"]
[EventDate "2008.10.05"]
[EventType "team-tourn"]
[EventRounds "11"]
[EventCountry "BEL"]
[SourceTitle "EXT 2010"]
[Source "ChessBase"]
[SourceDate "2010.11.25"]
[SourceVersion "1"]
[SourceVersionDate "2010.11.25"]
[SourceQuality "1"]
[WhiteTeam "KGRSL"]
[BlackTeam "Namur"]
[WhiteTeamCountry "BEL"]
[BlackTeamCountry "BEL"]

1. d4 Nf6 2. c4 g6 3. Nc3 d5 4. cxd5 Nxd5 5. e4 Nxc3 6. bxc3 Bg7 7. Be3 c5 8. Rc1 Qa5 9. Qd2 0-0 10. d5 f5 11. c4 Qxd2+ 12. Kxd2 b6 13. f3 f4 14. Bf2 Nd7 15. Ne2 Ne5 16. Nc3 g5 17. h3 h5 18. Be2 e6 19. a4 Ba6 20. Nb5 Bxb5 21. axb5 a6 22. bxa6 Rxa6 23. Rc2 Rd8 24. Rd1 Nc6 25. Ke1 Nb4 26. Rcc1 Bb2 27. dxe6 Re8 28. Rb1 Bc3+ 29. Kf1 Rxe6 30. Rd5 Bf6 31. h4 g4 32. Rxh5 g3 33. Bg1 Kg7 34. Rf5 Ra2 35. Rxf4 Rd6 36. Rg4+ Kf7 37. f4 Rdd2 38. Bf3 Bd4 39. Bxd4 cxd4 40. Rxg3 d3 41. Kg1 Rdb2 42. Rd1 Rc2 43. h5 Rxc4 44. h6 Rc6 45. Bh5+ Ke7 46. Rg6 Rxg6 47. Bxg6 Kf6 48. h7 Ra8 49. Bf5 b5 50. g4 Rb8 51. Kf2 Nc6 52. Rxd3 Ne7 53. e5+ Kf7 54. Be4 b4 55. f5 1-0

[Event "BEL-chT 0809"]
[Site "Belgium"]
[Date "2009.02.15"]
[Round "9"]
[White "Bolzoni, Victor Angel"]
[Black "Polaczek, Richard"]
[Result "1/2-1/2"]
[WhiteElo "2190"]
[BlackElo "2419"]
[PlyCount "32"]
[EventDate "2008.10.05"]
[EventType "team-tourn"]
[EventRounds "11"]
[EventCountry "BEL"]
[SourceTitle "EXT 2010"]
[Source "ChessBase"]
[SourceDate "2010.11.25"]
[SourceVersion "1"]
[SourceVersionDate "2010.11.25"]
[SourceQuality "1"]
[WhiteTeam "Namur"]
[BlackTeam "Wirtzfeld"]
[WhiteTeamCountry "BEL"]
[BlackTeamCountry "BEL"]

1. e4 e6 2. d4 d5 3. Nc3 Bb4 4. Nge2 dxe4 5. a3 Be7 6. Nxe4 Nf6 7. Qd3 Nc6 8. Bf4 b6 9. Nxf6+ Bxf6 10. Qg3 Ba6 11. Bxc7 Qd7 12. 0-0-0 Rc8 13. Bd6 Rd8 14. Bc7 Rc8 15. Bd6 Rd8 16. Bc7 Rc8 1/2-1/2

[Event "BEL-chT 0809"]
[Site "Belgium"]
[Date "2009.01.04"]
[Round "6.5"]
[White "Bolzoni, Victor Angel"]
[Black "Piceu, Tom"]
[Result "1-0"]
[WhiteElo "2213"]
[BlackElo "2348"]
[PlyCount "37"]
[EventDate "2008.10.05"]
[EventType "team-tourn"]
[EventRounds "11"]
[EventCountry "BEL"]
[SourceTitle "EXT 2010"]
[Source "ChessBase"]
[SourceDate "2010.11.25"]
[SourceVersion "1"]
[SourceVersionDate "2010.11.25"]
[SourceQuality "1"]
[WhiteTeam "Namur"]
[BlackTeam "KBSK Brugge"]
[WhiteTeamCountry "BEL"]
[BlackTeamCountry "BEL"]

1. e4 c5 2. Nf3 d6 3. d4 cxd4 4. Nxd4 Nf6 5. Nc3 a6 6. Bg5 e6 7. Qf3 Nbd7 8. 0-0-0 Qc7 9. Be2 b5 10. Qh3 Be7 11. a3 Nc5 12. Bxf6 Bxf6 13. Bxb5+ axb5 14. Ndxb5 Qb8 15. Nxd6+ Kf8 16. Qh5 Qc7 17. Ncb5 Bxb2+ 18. Kb1 Qe7 19. Qxc5 1-0

[Event "BEL-chT 0809"]
[Site "Belgium"]
[Date "2008.11.23"]
[Round "4.4"]
[White "Hommeles, Theo"]
[Black "Bolzoni, Victor Angel"]
[Result "1-0"]
[WhiteElo "2404"]
[BlackElo "2213"]
[PlyCount "81"]
[EventDate "2008.10.05"]
[EventType "team-tourn"]
[EventRounds "11"]
[EventCountry "BEL"]
[SourceTitle "CBM 127 Extra"]
[Source "ChessBase"]
[SourceDate "2009.01.08"]
[SourceVersion "2"]
[SourceVersionDate "2009.01.28"]
[SourceQuality "1"]
[WhiteTeam "Bredene II"]
[BlackTeam "Namur"]
[WhiteTeamCountry "BEL"]
[BlackTeamCountry "BEL"]

1. e4 e5 2. Nf3 Nc6 3. Bb5 Nd4 4. Nxd4 exd4 5. Qe2 Bc5 6. 0-0 Ne7 7. d3 0-0 8. Bg5 a5 9. a4 c6 10. Bc4 d5 11. exd5 cxd5 12. Bb3 Ra6 13. Nd2 Rg6 14. Bh4 Bg4 15. f3 Bh3 16. Rf2 Qd7 17. Bxe7 Bxe7 18. Kh1 Re6 19. Qf1 Bf5 20. g4 Bg6 21. f4 Bh4 22. f5 Bxf2 23. Qxf2 Rf6 24. Qxd4 Bxf5 25. gxf5 Rxf5 26. Rg1 g6 27. Ne4 f6 28. c4 Kg7 29. cxd5 Rh5 30. Rg2 Rf5 31. Rg1 Rf4 32. Qe3 Rf5 33. Nc5 Re8 34. Qh3 Qc8 35. Ne6+ Kh8 36. Bc4 Qd7 37. Nf4 Kg7 38. Nh5+ Kf7 39. Ng3 Ree5 40. Qxh7+ Ke8 41. Bb5 1-0